| 000 | 00898nam a2200229Ia 4500 | ||
|---|---|---|---|
| 003 | Ost | ||
| 005 | 20260507074932.0 | ||
| 008 | 260507s9999||||xx |||||||||||||| ||und|| | ||
| 020 | _a978995782035 | ||
| 040 | _cfsecg | ||
| 041 | _aara | ||
| 082 | _a332.17 | ||
| 100 |
_aعقلة، محمود يوسف _eمؤلف |
||
| 245 | 0 |
_aمفاهيم حديثة في التسويق البنكي / _c محمود يوسف عقلة |
|
| 260 |
_aعمان: _bدار البداية, _c2016 |
||
| 300 |
_a210 صفحة؛ _bإيضاحات ؛ _c25 سم |
||
| 504 | _aبيبليوغرافيا: ص.205 | ||
| 520 | _aالمفهوم التسويقي،نشاط العمليات المصرفية،التسويق التجاري،إدارة التسويق والتسويق الفعال،الإطار النظري لإدارة التسويق | ||
| 653 | _aالبنوك | ||
| 653 | _aالتسويق | ||
| 942 | _cكتاب | ||
| 999 |
_c41859 _d41859 |
||